000 00851nam a2200265Ia 4500
003 OSt
005 20220925212358.0
006 a|||||r|||| 00| 0
007 ta
008 220923b |||||||| |||| 00| 0 eng d
037 _cGeneral Book
040 _aRTL
_cRTL
_beng
041 _2eng
_aeng
082 _aY:(B28), M1
100 _aJackson David J
_9276742
245 0 _aFactor analysis andmeasurement in sociological res
260 _aLondon
_bAge Publicaion
_c1981
300 _a313p
_ccm.
490 _aSage studies in International Sociology . 21 International Sociological Association Publication
500 _aBibiliography chapterwise
650 _aSociometry
700 _a Borgatta Edgar F Ed.
_9276743
942 _hY:(B28), M1
_cGB
_2CC
999 _c560244
_d560244